000 00859cam a2200277 4500
008 090401t1994 xxu||||| |||| 00| 0 eng d
020 _a0950506125
035 _a(Sirsi) u65195
041 _aeng
050 _a347.4109
_c18
100 _aCheffings, Nicholas
245 _aArbitration
_ba practitioner's guide
260 _aLondon
_bLand Institute
_c1994
300 _a64p.
_c21cm.
350 _a10.95
520 _aIncorporates "Precendent submission to an expert/arbitrator" by Hector M. Wilks.
650 _aMANAGEMENT-DISPUTE AVOIDANCE, MANAGEMENT AND RESOLUTION-DISPUTE MANAGEMENT AND RESOLUTION-ARBITRATION
690 _aDispute resolution
_96236
700 _aDowding, Nicholas
700 _aGoodwyn, Charles W.
700 _aHoyes, Tom
700 _aMusto, Alan
710 _aLand Institute
_977
942 _n0
948 _c04/03/1997
999 _c94743
_d94743